Loading...

Indulekha.

Bibliographic Details
Main Author: Chandumenon,O
Format: Printed Book
Published: kottayam : DC Books, 1989.
Subjects:
LEADER 00450nam a22001337a 4500
082 |a 894.812 3  |b CHA/I 
100 |a Chandumenon,O. 
245 |a Indulekha. 
260 |a kottayam :  |b DC Books,  |c 1989. 
300 |a 274p.; 
650 |a Malayalam literature  |v Fiction/Novel/Prose 
942 |c REF 
999 |c 100331  |d 100331 
952 |0 0  |1 0  |4 0  |6 894_812000000000000_3_CHA_I  |7 0  |9 93668  |a SSS  |b SSS  |c REF  |d 2012-04-13  |g 25.00  |l 0  |o 894.812 3 CHA/I  |p SSS00969  |r 2012-04-13  |w 2012-04-13  |y REF